Brawl Stars Brawler - Statistics

General Stats
  • This quiz has been taken 66 times
  • The average score is 40 of 82
Answer Stats
Rarity Answer % Correct
First Brawler Shelly
100%
Rare Colt
89%
Rare Bull
81%
Rare El primo
77%
Legendary Crow
75%
Rare Nita
75%
Rare Barley
74%
Legendary Leon
74%
Rare Rosa
74%
Mythic R-T
74%
Super Rare Dynamike
70%
Legendary Spike
70%
Rare Brock
68%
Rare Poco
68%
Super Rare Rico
68%
Super Rare Darryl
66%
Mythic Mortis
64%
Epic Bo
62%
Epic Edgar
62%
Super Rare Penny
62%
Epic Piper
62%
Legendary Sandy
62%
Super Rare Tick
62%
Legendary Amber
60%
Legendary Meg
60%
Super Rare Jessie
58%
Mythic Tara
58%
Legendary Kit
57%
Super Rare 8-Bit
55%
Super Rare Carl
53%
Legendary Draco
53%
Epic Frank
53%
Epic Emz
51%
Super Rare Gus
51%
Epic Angelo
49%
Epic Bibi
49%
Legendary Chester
49%
Mythic Gene
49%
Epic Gale
47%
Mythic Mr.P
47%
Legendary Surge
45%
Mythic Buzz
43%
Legendary Cordelius
43%
Super Rare Jacky
43%
Mythic Melodie
43%
Epic Pam
43%
Mythic Byron
42%
Mythic Fang
42%
Epic Larry & Lawrie
42%
Mythic Max
42%
Epic Bea
40%
Epic Berry
40%
Mythic Lilly
40%
Epic Belle
38%
Epic Griff
38%
Epic Lola
38%
Epic Mandy
38%
Epic Stu
38%
Mythic Chuck
36%
Epic Sam
36%
Mythic Buster
34%
Epic Colette
34%
Mythic Sprout
34%
Mythic Squeak
34%
Mythic Charlie
32%
Epic Grom
32%
Mythic Ruffs
32%
Mythic Eve
30%
Epic Hank
28%
Mythic Janet
28%
Mythic Lou
28%
Mythic Mico
28%
Mythic Willow
28%
Epic Ash
26%
Mythic Clancy
26%
Mythic Doug
26%
Mythic Gray
26%
Epic Pearl
26%
Epic Bonnie
25%
Epic Maisie
25%
Epic Nani
25%
Mythic Otis
23%
No matching quizzes found
Score Distribution
Percent of People with Each Score
Percentile by Number Answered
Your Score History
You have not taken this quiz